Utwory Stanisława Wyspiańskiego - nagła śmierć - Statystyki

Ogólne statystyki
  • Ten quiz został rozwiązany 122 razy
  • Średni wynik to 4 z 9
Answers on the Grid
Answers color-coded by a green-red scale on the quiz's grid according to % correct below.
,,Wesele"
,,Wyzwolenie"
,,Akropolis"
,,Noc listopadowa"
,,Bolesław Śmiały"
,,Lelewel"
,,Klątwa"
,,Legion"
,,Warszawianka"
,,Nie-boska komedia"
,,Confiteor"
,,Pan Wołodyjowski"
,,Popioły"
,,Zemsta"
,,Ziemia obiecana"
 
Statystyki odpowiedzi
Odpowiedź % Poprawnych
,,Wesele"
93%
,,Noc listopadowa"
62%
,,Akropolis"
49%
,,Wyzwolenie"
47%
,,Warszawianka"
44%
,,Lelewel"
40%
,,Bolesław Śmiały"
35%
,,Legion"
34%
,,Klątwa"
29%
Nie znaleziono quizów pasujących do podanych kryteriów
Rozkład punktacji
Procent ludzi z każdym wynikiem
Percentyl według liczby udzielonych odpowiedzi
Twoja historia wyników
Nie rozwiązałeś tego quizu